| 000 | 00000nam##2200000za#4500 |
| 001 | 9.613253 |
| 003 | CaOODSP |
| 005 | 20220111083430 |
| 007 | ta |
| 008 | 150406|1996||||xxc||||| f|0| 0 eng|d |
| 020 | |a0-662-24888-0 |
| 022 | |a1713-0638 |
| 040 | |aCaOODSP|beng |
| 043 | |an-cn--- |
| 086 | 1 |aNE22-1/1996-13E |
| 110 | 1 |aCanada. |bNational Energy Board. |
| 245 | 10|aIn the matter of Westcoast Energy Inc. : |bapplication dated 15 January 1996, as amended, for the acquisition of facilities and a certificate to operate and toll methodology for such facilities |
| 260 | |aCalgary - Alberta : |bNational Energy Board |cJuly, 1996. |
| 300 | |aix, 28p. : |bmaps, tables ; |c28 cm. |
| 490 | 1 |aReasons for decision|x1713-0638 |
| 563 | |aSoftcover |
| 590 | |a96-34|b1996-08-23 |
| 775 | 08|tRelativement à Westcoast Energy Inc. : |w(CaOODSP)9.623978 |
| 776 | 0#|tReasons for decision in the matter of Westcoast Energy Inc. : |w(CaOODSP)9.572477 |
| 830 | #0|aReasons for decision (Canada. National Energy Board)|x1713-0638|w(CaOODSP)9.514808 |
| 986 | |aMH-2-96 |